ბათუმის შოთა რუსთაველის სახელმწიფო უნივერსიტეტის ბიბლიოთეკა

Справочник предпринимателя (ბიბ.ჩანაწერი № 37100)

000 -LEADER
fixed length control field 01052nam a2200277Ia 4500
001 - CONTROL NUMBER
control field 3056
003 - CONTROL NUMBER IDENTIFIER
control field GE_BSU
008 - FIXED-LENGTH DATA ELEMENTS--GENERAL INFORMATION
fixed length control field 181216s||||||||xx |||||||||||||| ||und||
020 ## - INTERNATIONAL STANDARD BOOK NUMBER
International Standard Book Number 5020122106
040 ## - CATALOGING SOURCE
Transcribing agency GE_BSU
080 ## - UNIVERSAL DECIMAL CLASSIFICATION NUMBER
Universal Decimal Classification number 330
245 ## - TITLE STATEMENT
Title Справочник предпринимателя
245 ## - TITLE STATEMENT
Remainder of title Розничная торговля. Оптовая торговля. Грузовой транспорт. Общественное питание и гостиничное хозяйство
245 ## - TITLE STATEMENT
Statement of responsibility, etc. Х. Юккель, Х. Берр, К. Раймерц и др. ред. Р.С.Головина, О.А.Плетнева и др.
260 ## - PUBLICATION, DISTRIBUTION, ETC.
Place of publication, distribution, etc. Москва
260 ## - PUBLICATION, DISTRIBUTION, ETC.
Name of publisher, distributor, etc. Наука
260 ## - PUBLICATION, DISTRIBUTION, ETC.
Date of publication, distribution, etc. 1994
300 ## - PHYSICAL DESCRIPTION
Extent 592 с. 24 см.
653 ## - INDEX TERM--UNCONTROLLED
Uncontrolled term гостиничное хозяйство
653 ## - INDEX TERM--UNCONTROLLED
Uncontrolled term Грузовой транспорт.
653 ## - INDEX TERM--UNCONTROLLED
Uncontrolled term Общественное питание
653 ## - INDEX TERM--UNCONTROLLED
Uncontrolled term Оптовая торговля.
653 ## - INDEX TERM--UNCONTROLLED
Uncontrolled term Розничная торговля.
942 ## - ADDED ENTRY ELEMENTS (KOHA)
Koha item type წიგნი
ეგზემპლარები
Withdrawn status Lost status Damaged status Not for loan Date acquired Barcode Date last seen Price effective from Koha item type Public note
        2018-12-17 8291 2018-12-17 2018-12-17 წიგნი დარბაზი